Načítá se...
Fish Ponds for the farm
| Hlavní autor: | |
|---|---|
| Médium: | Printed Book |
| Jazyk: | Undetermined |
| Vydáno: |
Jodhpur
Agrobios india
2004
|
| Témata: |
| LEADER | 00545nam a2200169Ia 4500 | ||
|---|---|---|---|
| 008 | 140316s9999 xx 000 0 und d | ||
| 020 | |a 8177542192 | ||
| 082 | |a 639.31 |b EDM/FI | ||
| 100 | |a Edminster,Frank.C | ||
| 245 | |a Fish Ponds for the farm | ||
| 260 | |a Jodhpur |b Agrobios india |c 2004 | ||
| 300 | |a 114 | ||
| 650 | |a Fish Ponds | ||
| 650 | |a Location on the pond | ||
| 942 | |2 ddc |c BK | ||
| 999 | |c 8241 |d 8241 | ||
| 952 | |0 0 |1 0 |2 ddc |4 0 |6 639_310000000000000_EDMFI |7 0 |9 9416 |a KAUCLV |b KAUCLV |c GENERAL |d 2014-03-18 |o 639.31 EDM/FI |p 216431 |r 2014-03-18 |w 2014-03-18 |y BK | ||